| 000 | 00800nam a2200217Ia 4500 | ||
|---|---|---|---|
| 003 | OSt | ||
| 005 | 20240531112516.0 | ||
| 008 | 210719s2020 xx 000 0 und d | ||
| 040 | _cAL | ||
| 041 | _aKannada | ||
| 082 | _a398.2K BANA | ||
| 100 |
_aBANARI (Ramananda) _dರಮಾನಂದ ಬನಾರಿ _9168784 |
||
| 245 |
_aArthayana: yakshagana talamaddale arthagarike: ondu vishleshane _bಅರ್ಥಾಯನ – ಯಕ್ಷಗಾನ ತಾಳಮದ್ದಳೆ ಅರ್ಥಗಾರಿಕೆ : ಒಂದು ವಿಶ್ಲೇಷಣೆ |
||
| 260 |
_aKasaragodu _c2020 |
||
| 300 |
_a107 _bPB |
||
| 365 |
_b125 _cRs |
||
| 650 |
_aFolklore _9168785 |
||
| 650 |
_aYakshagana _9168786 |
||
| 906 | _aarthagarike: ; Arthayana: ; ondu ; talamaddale ; vishleshane ; yakshagana | ||
| 942 |
_2ddc _cBK |
||
| 999 |
_c211730 _d211730 |
||